Robert Eggers Actors - Sudden Death - Statistics

General Stats
  • This quiz has been taken 38 times
    17 since last reset
  • The average score is 10 of 11
Answers on the Grid
Answers color-coded by a green-red scale on the quiz's grid according to % correct below.
Willem Dafoe
Udo Kier
Anya Taylor-Joy
Glenn Close
Charlie Hunnam
Nicholas Hoult
Nicole Kidman
Jennifer Connelly
Guy Pearce
Robert Pattinson
Ethan Hawke
Nicolas Cage
Lily-Rose Depp
Julia Roberts
Matthew McConaughey
Aura Dione
Alexander Skarsgard
J.K. Simmons
Forest Whitaker
Bill Skarsgard
Tony Todd
Daniel Radcliffe
Björk
Christoph Waltz
Stellan Skarsgard
Russell Crowe
Thomasin McKenzie
Aaron Taylor-Johnson
Jackie Chan
Emma Stone
 
Answer Stats
Answer % Correct
Alexander Skarsgard
100%
Anya Taylor-Joy
100%
Lily-Rose Depp
100%
Nicholas Hoult
100%
Nicole Kidman
100%
Willem Dafoe
100%
Ethan Hawke
92%
Robert Pattinson
92%
Bill Skarsgard
85%
Björk
85%
Aaron Taylor-Johnson
77%
No matching quizzes found
Score Distribution
Percent of People with Each Score
Percentile by Number Answered
Your Score History
You have not taken this quiz since the last reset